Регионална библиотека "Любен Каравелов" - Русе

Българско-нидерландски разговорник (Запис номер 51829)

MARC детайли
000 -Лидер
Контролно поле с фиксирана дължина 01580nam a2200385 c 4500
003 - Код на организацията, давaща контролен номер
Контролно поле BLK
005 - Дата и час на последна редакция
Контролно поле 20230928094149.0
008 - Елементи от данни с фиксирана дължина
fixed length control field 180408b bul|||||r ||||||| ||bul||
010 ## - Наследен системен номер
LC control number KNG00055744000
020 ## - Международен стандартен номер на книга ISBN
Международен стандартен номер на книга ISBN 954-26-0157-3
040 ## - Източник на каталожния запис
Идентификатор на билиотеката - собственик на записа BLK
041 ## - Код за език
Код за езика на текст/звукозапис или на отделно заглавие Български
Код за езика КДБФ Български
Други езици Холандски (нидерландски)
080 ## - УДК
Текстов определител УДК Български език
УДК код - определител по УДК 811.163.2
УДК определител (038.2)
УДК - код + определител 811.163.2(038.2)
080 ## - УДК
Текстов определител УДК Нидерландски езици
УДК код - определител по УДК 811.112.5
УДК определител (038.2)
УДК - код + определител 811.112.5(038.2)
139 ## - Редно поле
Редна дума Българско-нидерландски разговорник
Авторски знак Бъл - Б 92
245 10 - Сведения за заглавието
Заглавие Българско-нидерландски разговорник
Подзаглавни данни Над 4000 израза и думи
Редно поле (дума) прев. Багрелия Борисова.
257 ## - Страна на издаване
Страна на създаване/издаване България
260 ## - Област на издателските данни
Име на издателя, разпространителя и проч. Хермес
Година на издаване 2004
Печатница София : Д. Благоев
300 ## - Физическа характеристика
Страници 207 с.
Размери/Мащаб 17 см
380 ## - Жанр
Жанр Езикознание. Филология
490 ## - СЕРИИ (Колекции)
Име на серия Разговорници Хермес
500 ## - Общи забележки
Забележка Прев. от Guia practica de conversacion. - Пълното име на прев. Багрелия Борисова Събчева.
650 #4 - Допълнително описание по предмет – тема
Основно описание – тема или топоним Български език - разговорници, българско-нидерландски
9 (RLIN) 284042
653 ## - Ключова дума – ненормативна
Ключова дума разговорници
653 ## - Ключова дума – ненормативна
Ключова дума български език
653 ## - Ключова дума – ненормативна
Ключова дума нидерландски език
700 1# - Други автори (авторска отговорност)
Лично име Борисова, Багрелия
Автороска отговорност (Описва отношението между автора и произведението) прев.
9 (RLIN) 365990
852 ## - Местоположение
Форматна сигнатура Цб І 31725
856 4# - Електронен адрес и достъп
Електронен формат pdf - файл
856 4# - Електронен адрес и достъп
Електронен формат pdf - файл
942 ## - АРТИКУЛИ
Вид на библиотечния материал Книги
Скрит в OPAC Не
Koha issues (borrowed), all copies 2
944 ## - СЪЗДАВАНЕ И РЕДАКЦИЯ на ЗАПИСА
Създаване/Редакция Създаване
Дата на регистрацията/редакция 06.10.2005
Служител, извършил регистрацията/редакцията 30545
Статус, дата на статуса Нора Радева
944 ## - СЪЗДАВАНЕ И РЕДАКЦИЯ на ЗАПИСА
Създаване/Редакция Редакция
Дата на регистрацията/редакция 24.10.2005
999 ## - СИСТЕМНИ КОНТРОЛНИ НОМЕРА
Koha biblionumber 51829
Koha biblioitemnumber 51829
999 ## - СИСТЕМНИ КОНТРОЛНИ НОМЕРА
Koha biblioitemnumber 51829
Наличности
Код за отписване Код за изгубен артикул Код за повреда Коз за рестрикции Код за отдаване Артикулен № Име на библиотеката - собственик Име на библиотеката, в която се намира в момента Статус (Текущо местоположение) Дата на вписване в системата Местоположение - отдел Цена в лева Инвентарен номер Систематично азбучна сигнатура Баркод Номер на екземпляра Цена в евро Служебна бележка Служебен тип на артикула Източник на класификационната схема
  Не е изгубен Не е повреден без рестрикции ползва се в читалня 81757 Регионална библиотека "Любен Каравелов" Русе Регионална библиотека "Любен Каравелов" Русе Хранилище 2005-10-07 Хранилище 5.00 120000697098 Цб I 31725 120000697098 1 2.56 Дост: Dp Вид: Д N: 40 Дата: 22.09.2004 Книги  
  Не е изгубен Не е повреден без рестрикции заемане за дома 731120 Регионална библиотека "Любен Каравелов" Русе Регионална библиотека "Любен Каравелов" Русе ЧЧЗО - англ. ез. - Британски съвет 2019-07-23 ЧЧЗО - англ. ез. - Британски съвет 5.00   Ч3 808.67(038)/ Б92 120000834818   2.56   Книги Universal Decimal Classification
  Не е изгубен Не е повреден   заемане за дома 936345 Регионална библиотека "Любен Каравелов" Русе Регионална библиотека "Любен Каравелов" Русе ЧЧЗО - англ. ез. - Британски съвет 2023-11-08 ЧЧЗО - англ. ез. - Британски съвет 5.00 120000895411 811.163.2(038)/Б 92 120000895411   2.56   Книги Universal Decimal Classification
Vip Innovations Ltd, Rousse, Bulgaria 2025